1977 1075 1650 1249 1275 1635 1620 1124 1991 1626 1098 1449 1957 1258 1855 1816 1186 1419 1090 1570 1330 1249 1177 1883 1527 1816 1544 1519 1827 1981 1532 1513 1688 1554 1601 1144 1329 1881 1768 1676 1272 1921 1758 1315 1217 1266 1092 1466 1712 1559 1143 1243 1096 1981 1888 1159 1149 1976 1519 1491 1587 1484 1536 1460 1971 1561 1722 1588 1929 1683 1225 1976 1922 1280 1240 1176 1528 1507 1611 1313 1987 1696 1678 1525 1852 1422 1049 1450 1347 1411 1502 1415 1248 1095 1891 1440 1282 1584 1419 BCNSPRNW ULIB Ver.6.0+V

เปลี่ยนเป็นภาษาไทย

Change to English
 แสดงรายละเอียดบรรณานุกรม
  กลับหน้าหลัก

Brief Record : Get Marc (ISO 2709) : E-mail record : QR code < ปิดหน้าต่าง
LEADER : 00000nam 2200000uu 4500
001    13399108537
003     ULIB
008    110306s2551||||th 000 0 tha d
020    9740613732
060  4 QV600^bส837ส 2551
100 0  สุภาณี คลังฤทธิ์
245 00 สารพิษ-สัตว์พิษ:การรักษาพยาบาลเบื้องต้น/^cสุภาณี คลังฤทธิ์
250    พิมพ์ครั้งที่ 1
260    พิษณุโลก:^bวิทยาลัยพยาบาลบรมราชชนนี พุทธชินราช,^c2551
300    88 หน้า
650  7 งูพิษ
650  7 สัตว์พิษ
650  7 สารกำจัดศัตรูพืช
650  7 สารพิษ
710 1  วิทยาลัยพยาบาลบรมราชชนนี พุทธชินราช
945    ^p0^l0^i023385
995    ทศพร
999 ^a ใช้งานได้ทุกระบบ
รายการนี้ยังไม่มีแท็ก
คุณยังไม่ได้ล็อกอิน คุณสามารถมีกิจกรรมร่วมกับเว็บไซต์ได้ แต่ต้องล็อกอินก่อน ::
  ล็อกอิน

รายการสื่อสารสนเทศ

ลำดับที่ ประเภท เลขเรียก/บาร์โค้ด สถานที่ สถานะ
- ไม่พบข้อมูล -

รายการใกล้เคียง
    ผู้แต่ง [สุภาณี คลังฤทธิ์]

    หัวเรื่อง [สารกำจัดศัตรูพืช]
    หัวเรื่อง [สารพิษ]

BibComment


ยังไม่เคยถูกคอมเมนท์

คอมเมนท์ทรัพยากรรายการนี้
  คอมเมนท์: สารพิษสัตว์พิษการ..


 Copyright 2026. Bcnsprnw @Library